LEADER 01271nam a2200313 u 4500 001 000000060909 003 CaOOAMICUS 005 20151019181015.0 008 010803s2000 it abe u000 u ita u 020 $a8831103300 032 $aLibriCat 035 $a10899647 040 $aPUL$bita 100 1 $aCapponi, Niccolò.$0(OLS)http://pul/name/41541 245 12$aI legionari rossi :$ble Brigate Internazionali nella guerra civile spagnola (1936-1939) /$cNiccolò Capponi. 260 $aRoma :$bCittà Nuova,$cc2000. 300 $a308 p. ;$c24 cm 490 1 $aI volti della storia 504 $a"Bibliografia": p. [273]-293. 651 4$aSpagna$xStoria.$0(OLS)http://pul/subject/2911 830 2$aI volti della storia (Città Nuova ).$0(OLS)http://pul/title/119641 850 $aPUL 852 $aPUL$W1$xSL Filosofia 1$y2$m123 D 54$j79471$nBK-PRI$b $qStampati$B79471$CPULBib$Z2$F79471 $H $81 941 1 $a8 961 $aINV: 84133 996 $6020$a8831103300$9(OLS)http://pul/number/78764 996 $6245$aI legionari rossi :$ble Brigate Internazionali nella guerra civile spagnola (1936-1939)$9(OLS)http://pul/title/81383 996 $6260$aRoma :$bCittà Nuova$9(OLS)http://pul/publisher/47927 LEADER 01270nam a2200325 a 4500 001 000000136204 003 CaOOAMICUS 005 20220621145833.0 008 131114s1985 it u000 u ita r 032 $aLibriCat 040 $aPUL$bita 041 1 $aita$heng 082 04$a200.9 130 0 $aHistory of religion.$lItaliano.$0(OLS)http://pul/title/172232 245 10$aStudi di storia delle religioni /$ca cura di Mircea Eliade e Joseph M. Kitagawa. 260 $aFirenze :$bSansoni,$c©1985. 300 $a183 p. ;$c21 cm 490 1 $aNuovi saggi 504 $aBibliografia in nota. 650 4$aReligioni$xStoria.$0(OLS)http://pul/subject/130 700 1 $aEliade, Mircea,$d1907-1986.$0(OLS)http://pul/name/1652 700 1 $aKitagawa, Joseph M.$0(OLS)http://pul/name/87692 830 0$aNuovi saggi (Sansoni).$0(OLS)http://pul/title/57991 850 $aPUL 852 $aPUL$W1$xSL Religione 3$y85$m200. 9 ELIMI 1$j156974$qDDC 21$B156387$CPULBib$Z2$F156387 $H123130 $82 941 1 $a9 996 $6082$a200.9$9(OLS)http://pul/classification/2577 996 $6245$aStudi di storia delle religioni$9(OLS)http://pul/title/172233 996 $6260$aFirenze :$bSansoni$9(OLS)http://pul/publisher/47896